Finančná analýza SLK Piešťany, a.s. diplomová práca

Salvato in:
Dettagli Bibliografici
Autore principale: Nemček, Tomáš
Ente Autore: Obchodná fakulta EU. Katedra služieb a cestovného ruchu - zrušené
Altri autori: Eliašová, Darina
Natura: Libro
Lingua:slovacco
Pubblicazione: Bratislava 2010
Tags: Aggiungi Tag
Nessun Tag, puoi essere il primo ad aggiungerne!!

MARC

LEADER 00000nam$a2200000$$$4500
001 0118608
005 20240318122125.1
041 0 |a slo 
044 |a SK 
245 1 0 |a Finančná analýza SLK Piešťany, a.s.  |b diplomová práca  |c Tomáš Nemček ; škol. Darina Eliašová 
264 1 |a Bratislava  |c 2010 
300 |a 72 s. 
100 1 |a Nemček, Tomáš 
700 1 |a Eliašová, Darina 
710 2 |a Obchodná fakulta EU. Katedra služieb a cestovného ruchu - zrušené